[Event "EYCC Open-U14 2019"]
[Site "Bratislava"]
[Date "2019.08.09"]
[Round "8.35"]
[White "Papidakis, Georgios"]
[Black "Stamatiou, Rodolfos"]
[Result "0-1"]
[WhiteElo "1888"]
[BlackElo "2121"]
[Annotator "NA"]
[PlyCount "106"]
[EventDate "2019.08.02"]
[EventType "swiss"]
[EventCountry "SVK"]
[SourceTitle "playchess.com"]
[Source "ChessBase"]
[SourceQuality "1"]
[TimeControl "40/5400+30:1800+30"]

1. d4 {[%emt 0:00:00]} Nf6 {[%emt 0:00:00]} 2. Nf3 {[%emt 0:00:00]} e6 {[%emt 0:00:17]} 3. Bg5 {[%emt 0:00:00]} h6 {[%emt 0:01:13]} 4. Bh4 {[%emt 0:00:04]} d6 {[%emt 0:01:20]} 5. Nbd2 {[%emt 0:00:41]} g5 {[%emt 0:00:32]} 6. Bg3 {[%emt 0:01:52]} Nh5 {[%emt 0:00:06]} 7. e4 {[%emt 0:15:40]} Bg7 {[%emt 0:01:54]} 8. c3 {[%emt 0:01:24]} Nd7 {[%emt 0:04:04]} 9. Nc4 {[%emt 0:00:36]} Qe7 {[%emt 0:04:16]} 10. Nfd2 {[%emt 0:03:55]} Nxg3 {[%emt 0:00:15]} 11. hxg3 {[%emt 0:00:05]} b6 {[%emt 0:09:04]} 12. Ne3 {[%emt 0:03:14]} Bb7 {[%emt 0:04:48]} 13. Be2 {[%emt 0:14:09]} O-O-O {[%emt 0:14:29]} 14. a4 {[%emt 0:08:53]} a5 {[%emt 0:07:19]} 15. Qc2 {[%emt 0:01:57]} Rde8 {[%emt 0:11:00]} 16. Qd3 {[%emt 0:16:21]} Rhf8 {[%emt 0:05:02]} 17. f3 {[%emt 0:08:12]} f5 {[%emt 0:00:50]} 18. O-O-O {[%emt 0:02:15]} Nb8 {[%emt 0:06:58]} 19. Qc2 Nc6 {[%emt 0:08:58]} 20. Rde1 {[%emt 0:08:27]} f4 {[%emt 0:04:42]} 21. gxf4 {[%emt 0:01:40]} gxf4 {[%emt 0:00:00]} 22. Ng4 {[%emt 0:02:10]} Qg5 {[%emt 0:00:01]} 23. Bf1 {[%emt 0:03:37]} h5 {[%emt 0:00:29]} 24. Nf2 {[%emt 0:00:31]} Kb8 {[%emt 0:02:37]} 25. Nb1 {[%emt 0:02:17]} Na7 {[%emt 0:03:53]} 26. Na3 {[%emt 0:02:14]} Rc8 {[%emt 0:01:13]} 27. Nc4 {[%emt 0:01:02]} d5 {[%emt 0:01:32]} 28. exd5 {[%emt 0:00:36]} exd5 {[%emt 0:01:35]} 29. Ne5 {[%emt 0:00:33]} Rfe8 {[%emt 0:01:05]} 30. Nh3 {[%emt 0:01:17]} Qg3 {[%emt 0:00:22]} 31. Bd3 {[%emt 0:00:18]} Nc6 {[%emt 0:02:20]} 32. Nxc6+ {[%emt 0:01:10]} Bxc6 {[%emt 0:00:01]} 33. Rxe8 {[%emt 0:00:19]} Rxe8 {[%emt 0:00:01]} 34. b3 {[%emt 0:00:44]} Re3 {[%emt 0:03:17]} 35. Kb2 {[%emt 0:00:32]} Rxd3 {[%emt 0:00:48]} 36. Nxf4 {[%emt 0:00:22]} Re3 {[%emt 0:00:54]} 37. Nxh5 Qg5 {[%emt 0:00:20]} 38. Nxg7 {[%emt 0:01:06]} Qxg7 {[%emt 0:00:02]} 39. Rh7 {[%emt 0:00:21]} Qf8 {[%emt 0:01:03]} 40. Kc1 {[%emt 0:00:00]} Re1+ {[%emt 0:00:00]} 41. Kd2 {[%emt 0:02:38]} Qe8 {[%emt 0:05:08]} 42. Rh8 {[%emt 0:04:25]} Re2+ {[%emt 0:02:28]} 43. Kd1 {[%emt 0:00:33]} Rxc2 {[%emt 0:00:21]} 44. Rxe8+ {[%emt 0:00:02]} Bxe8 {[%emt 0:00:02]} 45. Kxc2 {[%emt 0:00:11]} Bg6+ {[%emt 0:00:06]} 46. Kd2 {[%emt 0:00:10]} Kc8 {[%emt 0:00:13]} 47. c4 {[%emt 0:06:28]} dxc4 {[%emt 0:00:31]} 48. bxc4 {[%emt 0:00:00]} Be8 {[%emt 0:00:01]} 49. g4 {[%emt 0:01:16]} Bxa4 50. c5 {[%emt 0:00:51]} b5 {[%emt 0:02:51]} 51. g5 {[%emt 0:00:48]} Bb3 {[%emt 0:02:05]} 52. f4 {[%emt 0:00:37]} c6 {[%emt 0:03:23]} 53. f5 {[%emt 0:00:26]} Kd7 {[%emt 0:00:45]} 0-1

[Event "EYCC Open-U14 2019"]
[Site "Bratislava"]
[Date "2019.08.09"]
[Round "8.36"]
[White "Dahl, Max"]
[Black "Droin, Augustin"]
[Result "1/2-1/2"]
[WhiteElo "1981"]
[BlackElo "2172"]
[Annotator "NA"]
[PlyCount "40"]
[EventDate "2019.08.02"]
[EventType "swiss"]
[EventCountry "SVK"]
[SourceTitle "playchess.com"]
[Source "ChessBase"]
[SourceQuality "1"]
[TimeControl "40/5400+30:1800+30"]

1. e4 {[%emt 0:00:00]} c5 {[%emt 0:00:00]} 2. Nf3 {[%emt 0:00:00]} d6 {[%emt 0:00:00]} 3. Nc3 {[%emt 0:00:19]} Nf6 {[%emt 0:00:09]} 4. e5 {[%emt 0:01:30]} dxe5 {[%emt 0:00:04]} 5. Nxe5 {[%emt 0:00:06]} a6 {[%emt 0:00:05]} 6. g3 {[%emt 0:01:30]} Qc7 {[%emt 0:03:46]} 7. d4 {[%emt 0:06:43]} cxd4 {[%emt 0:04:03]} 8. Qxd4 {[%emt 0:00:56]} Nc6 {[%emt 0:00:46]} 9. Nxc6 {[%emt 0:00:18]} Qxc6 {[%emt 0:00:05]} 10. Bg5 {[%emt 0:03:13]} Bg4 {[%emt 0:18:25]} 11. Bxf6 {[%emt 0:02:58]} gxf6 {[%emt 0:00:43]} 12. Qxg4 {[%emt 0:02:21]} Qxh1 {[%emt 0:00:11]} 13. Qa4+ {[%emt 0:02:40]} b5 {[%emt 0:14:33]} 14. Nxb5 {[%emt 0:01:00]} axb5 {[%emt 0:00:32]} 15. Qxb5+ {[%emt 0:00:07]} Kd8 {[%emt 0:00:06]} 16. O-O-O+ {[%emt 0:00:57]} Kc7 {[%emt 0:00:44]} 17. Qd7+ {[%emt 0:24:33]} Kb6 {[%emt 0:00:10]} 18. Qb5+ {[%emt 0:10:27]} Kc7 {[%emt 0:00:06]} 19. Qd7+ {[%emt 0:34:00]} Kb6 {[%emt 0:00:08]} 20. Qb5+ {[%emt 0:00:08]} Kc7 {[%emt 0:00:48]} 1/2-1/2

[Event "EYCC Open-U14 2019"]
[Site "Bratislava"]
[Date "2019.08.09"]
[Round "8.37"]
[White "Krupa, Miroslav"]
[Black "Titze, Leo"]
[Result "1/2-1/2"]
[WhiteElo "2114"]
[BlackElo "1919"]
[Annotator "NA"]
[PlyCount "109"]
[EventDate "2019.08.02"]
[EventType "swiss"]
[EventCountry "SVK"]
[SourceTitle "playchess.com"]
[Source "ChessBase"]
[SourceQuality "1"]
[TimeControl "40/5400+30:1800+30"]

1. e4 {[%emt 0:00:00]} c5 {[%emt 0:00:00]} 2. Nf3 {[%emt 0:00:00]} Nc6 {[%emt 0:00:00]} 3. d4 {[%emt 0:00:00]} cxd4 {[%emt 0:00:00]} 4. Nxd4 {[%emt 0:00:00]} g6 {[%emt 0:00:00]} 5. c4 {[%emt 0:00:00]} Bg7 {[%emt 0:00:00]} 6. Be3 {[%emt 0:00:00]} Nf6 {[%emt 0:00:03]} 7. Nc3 {[%emt 0:00:03]} O-O {[%emt 0:00:08]} 8. Be2 {[%emt 0:00:16]} d6 {[%emt 0:00:19]} 9. O-O {[%emt 0:00:17]} Bd7 {[%emt 0:00:08]} 10. Qd2 {[%emt 0:00:13]} Nxd4 {[%emt 0:00:49]} 11. Bxd4 Bc6 {[%emt 0:00:06]} 12. f3 {[%emt 0:00:43]} Nd7 {[%emt 0:00:08]} 13. Be3 {[%emt 0:00:36]} a5 {[%emt 0:00:22]} 14. b3 {[%emt 0:00:23]} Nc5 {[%emt 0:00:09]} 15. Rab1 {[%emt 0:00:47]} Qb6 {[%emt 0:01:20]} 16. Rfc1 {[%emt 0:01:02]} Rfc8 {[%emt 0:00:13]} 17. Rc2 {[%emt 0:01:09]} Qb4 {[%emt 0:03:07]} 18. Qc1 {[%emt 0:01:14]} Qb6 {[%emt 0:04:20]} 19. a3 {[%emt 0:02:01]} Qd8 {[%emt 0:00:24]} 20. Bf1 {[%emt 0:03:36]} Ne6 {[%emt 0:04:37]} 21. Qd2 {[%emt 0:04:49]} h5 {[%emt 0:01:55]} 22. Nd5 {[%emt 0:12:35]} Bxd5 {[%emt 0:01:37]} 23. exd5 {[%emt 0:14:12]} Nc5 {[%emt 0:00:45]} 24. b4 {[%emt 0:00:51]} axb4 {[%emt 0:01:54]} 25. axb4 {[%emt 0:00:16]} Nd7 {[%emt 0:00:58]} 26. c5 {[%emt 0:01:19]} Ra3 {[%emt 0:02:11]} 27. c6 {[%emt 0:03:31]} Nb6 {[%emt 0:14:34]} 28. Rbc1 {[%emt 0:05:52]} bxc6 {[%emt 0:10:07]} 29. dxc6 {[%emt 0:11:22]} Qc7 {[%emt 0:00:45]} 30. b5 {[%emt 0:01:15]} d5 {[%emt 0:02:24]} 31. Bc5 {[%emt 0:07:58]} Raa8 {[%emt 0:01:31]} 32. Qe3 {[%emt 0:01:10]} d4 {[%emt 0:03:40]} 33. Qxe7 {[%emt 0:03:29]} Qxe7 {[%emt 0:00:43]} 34. Bxe7 {[%emt 0:00:05]} Bh6 {[%emt 0:00:23]} 35. Rd1 {[%emt 0:01:43]} Nd5 {[%emt 0:00:34]} 36. Bc5 {[%emt 0:02:19]} Ne3 {[%emt 0:00:18]} 37. Rcc1 {[%emt 0:02:01]} Nxf1 {[%emt 0:03:08]} 38. Kxf1 {[%emt 0:00:15]} Bxc1 {[%emt 0:00:24]} 39. Rxc1 {[%emt 0:00:04]} Rab8 {[%emt 0:00:12]} 40. Bxd4 {[%emt 0:00:00]} Rxb5 {[%emt 0:00:00]} 41. c7 {[%emt 0:06:48]} Rd5 {[%emt 0:03:24]} 42. Rb1 {[%emt 0:03:24]} Rd7 {[%emt 0:01:56]} 43. Be5 {[%emt 0:02:58]} Re7 {[%emt 0:00:15]} 44. Bd6 {[%emt 0:00:31]} Ree8 {[%emt 0:00:18]} 45. g4 {[%emt 0:14:18]} hxg4 {[%emt 0:03:50]} 46. fxg4 {[%emt 0:00:09]} f6 {[%emt 0:00:22]} 47. Kf2 {[%emt 0:01:14]} Kf7 {[%emt 0:00:17]} 48. Kf3 {[%emt 0:01:18]} Ke6 {[%emt 0:02:11]} 49. Bg3 {[%emt 0:00:23]} g5 {[%emt 0:04:12]} 50. Rd1 {[%emt 0:01:07]} Ra8 {[%emt 0:03:01]} 51. Rd3 {[%emt 0:00:14]} Rf8 {[%emt 0:02:27]} 52. Rd6+ {[%emt 0:03:10]} Ke7 {[%emt 0:00:26]} 53. Rd3 {[%emt 0:00:21]} Rfc8 {[%emt 0:00:24]} 54. Re3+ {[%emt 0:02:02]} Kf7 {[%emt 0:01:05]} 55. Rd3 {[%emt 0:00:36]} 1/2-1/2

[Event "EYCC Open-U14 2019"]
[Site "Bratislava"]
[Date "2019.08.09"]
[Round "8.38"]
[White "Ochedzan, Tymon"]
[Black "Jares, Michal"]
[Result "1/2-1/2"]
[WhiteElo "2037"]
[BlackElo "1974"]
[Annotator "NA"]
[PlyCount "99"]
[EventDate "2019.08.02"]
[EventType "swiss"]
[EventCountry "SVK"]
[SourceTitle "playchess.com"]
[Source "ChessBase"]
[SourceQuality "1"]
[TimeControl "40/5400+30:1800+30"]

1. e4 {[%emt 0:00:00]} c5 {[%emt 0:00:00]} 2. Nf3 {[%emt 0:00:00]} d6 {[%emt 0:00:00]} 3. d4 {[%emt 0:00:00]} cxd4 {[%emt 0:00:00]} 4. Nxd4 {[%emt 0:00:01]} Nf6 {[%emt 0:00:00]} 5. Nc3 {[%emt 0:00:33]} g6 {[%emt 0:00:06]} 6. Be3 {[%emt 0:01:12]} Bg7 {[%emt 0:00:09]} 7. f3 {[%emt 0:00:27]} O-O {[%emt 0:00:23]} 8. Qd2 {[%emt 0:01:25]} d5 {[%emt 0:03:46]} 9. e5 {[%emt 0:02:02]} Ne8 {[%emt 0:00:12]} 10. f4 {[%emt 0:05:44]} Nc6 {[%emt 0:01:50]} 11. Be2 {[%emt 0:07:24]} f6 {[%emt 0:07:44]} 12. Bf3 {[%emt 0:06:57]} Nxd4 {[%emt 0:10:58]} 13. Bxd4 {[%emt 0:00:29]} fxe5 {[%emt 0:03:07]} 14. fxe5 {[%emt 0:02:51]} e6 {[%emt 0:03:02]} 15. O-O-O {[%emt 0:02:00]} Qh4 {[%emt 0:09:44]} 16. g3 {[%emt 0:08:11]} Qh6 {[%emt 0:05:58]} 17. Be3 {[%emt 0:03:47]} Qh3 {[%emt 0:00:20]} 18. Bf4 {[%emt 0:15:15]} Rxf4 {[%emt 0:00:51]} 19. Bg2 {[%emt 0:02:09]} Rd4 {[%emt 0:07:06]} 20. Bxh3 {[%emt 0:01:28]} Rxd2 {[%emt 0:00:02]} 21. Kxd2 {[%emt 0:00:09]} Bxe5 {[%emt 0:01:04]} 22. Rhe1 {[%emt 0:02:06]} Nd6 {[%emt 0:08:17]} 23. Bf1 {[%emt 0:11:27]} Bg7 {[%emt 0:02:33]} 24. Kc1 {[%emt 0:06:21]} Nf5 {[%emt 0:05:33]} 25. Kb1 {[%emt 0:03:54]} Bd7 {[%emt 0:03:59]} 26. Nb5 {[%emt 0:02:19]} Rb8 {[%emt 0:08:51]} 27. g4 {[%emt 0:01:26]} Nh4 {[%emt 0:00:59]} 28. h3 {[%emt 0:01:40]} a6 {[%emt 0:02:25]} 29. Nd6 {[%emt 0:03:05]} Nf3 {[%emt 0:07:05]} 30. Re3 {[%emt 0:01:18]} Rf8 {[%emt 0:01:45]} 31. Bg2 {[%emt 0:01:18]} Nh4 {[%emt 0:01:29]} 32. Bh1 {[%emt 0:00:49]} b5 {[%emt 0:02:49]} 33. c3 {[%emt 0:02:14]} b4 {[%emt 0:02:20]} 34. Nb7 {[%emt 0:03:18]} bxc3 {[%emt 0:01:24]} 35. Nc5 {[%emt 0:00:06]} Rb8 {[%emt 0:01:04]} 36. b3 {[%emt 0:03:07]} c2+ {[%emt 0:00:28]} 37. Kxc2 {[%emt 0:00:05]} Rc8 {[%emt 0:00:15]} 38. b4 {[%emt 0:00:51]} Ba4+ {[%emt 0:00:36]} 39. Kd2 {[%emt 0:01:15]} Bxd1 {[%emt 0:00:31]} 40. Kxd1 {[%emt 0:00:00]} Bd4 {[%emt 0:00:00]} 41. Rxe6 {[%emt 0:02:13]} Bxc5 {[%emt 0:01:59]} 42. bxc5 {[%emt 0:02:15]} Rxc5 {[%emt 0:02:29]} 43. Rxa6 {[%emt 0:00:22]} Rc3 {[%emt 0:04:59]} 44. Bxd5+ {[%emt 0:01:43]} Kg7 {[%emt 0:02:06]} 45. Ra7+ {[%emt 0:01:41]} Kh6 {[%emt 0:00:59]} 46. Bg8 {[%emt 0:01:34]} Rxh3 {[%emt 0:00:49]} 47. Rxh7+ {[%emt 0:00:17]} Kg5 {[%emt 0:00:10]} 48. Be6 {[%emt 0:01:08]} Re3 {[%emt 0:01:56]} 49. Bd7 {[%emt 0:02:56]} Ra3 {[%emt 0:01:10]} 50. Be6 {[%emt 0:00:46]} 1/2-1/2

[Event "EYCC Open-U14 2019"]
[Site "Bratislava"]
[Date "2019.08.09"]
[Round "8.39"]
[White "Maldonado Mena, German"]
[Black "Popov, Maksim M."]
[Result "0-1"]
[WhiteElo "1822"]
[BlackElo "2152"]
[Annotator "NA"]
[PlyCount "112"]
[EventDate "2019.08.02"]
[EventType "swiss"]
[EventCountry "SVK"]
[SourceTitle "playchess.com"]
[Source "ChessBase"]
[SourceQuality "1"]
[TimeControl "40/5400+30:1800+30"]

1. d4 {[%emt 0:00:00]} Nf6 {[%emt 0:00:00]} 2. c4 {[%emt 0:00:00]} c5 {[%emt 0:00:00]} 3. d5 {[%emt 0:00:00]} b5 {[%emt 0:00:00]} 4. cxb5 {[%emt 0:00:00]} a6 {[%emt 0:00:00]} 5. e3 {[%emt 0:00:00]} e6 {[%emt 0:00:22]} 6. Nc3 {[%emt 0:04:13]} Qb6 {[%emt 0:13:42]} 7. a4 {[%emt 0:17:32]} axb5 {[%emt 0:03:39]} 8. Bxb5 {[%emt 0:01:17]} exd5 {[%emt 0:05:14]} 9. Nxd5 {[%emt 0:00:48]} Nxd5 {[%emt 0:00:07]} 10. Qxd5 {[%emt 0:00:25]} Bb7 {[%emt 0:00:07]} 11. Qe5+ {[%emt 0:00:33]} Qe6 {[%emt 0:00:07]} 12. Qxe6+ {[%emt 0:04:49]} fxe6 {[%emt 0:00:07]} 13. Nf3 {[%emt 0:00:47]} Be7 {[%emt 0:01:27]} 14. Bd2 {[%emt 0:07:32]} O-O {[%emt 0:06:50]} 15. Ke2 {[%emt 0:02:28]} Bf6 {[%emt 0:01:57]} 16. Rac1 {[%emt 0:04:14]} Be7 {[%emt 0:10:25]} 17. Bc3 {[%emt 0:02:02]} Nc6 {[%emt 0:00:15]} 18. Rhd1 {[%emt 0:01:39]} d6 {[%emt 0:01:32]} 19. Ne1 {[%emt 0:07:17]} Ba6 {[%emt 0:00:38]} 20. Nd3 {[%emt 0:17:02]} Bxb5 {[%emt 0:00:25]} 21. axb5 {[%emt 0:00:02]} Na7 {[%emt 0:00:24]} 22. Nf4 {[%emt 0:01:33]} Kf7 {[%emt 0:00:37]} 23. Bxg7 {[%emt 0:15:59]} Kxg7 {[%emt 0:00:05]} 24. Nxe6+ {[%emt 0:00:06]} Kf7 {[%emt 0:00:04]} 25. Nxf8 {[%emt 0:00:05]} Rxf8 {[%emt 0:00:05]} 26. Rc4 {[%emt 0:01:42]} Rb8 {[%emt 0:00:20]} 27. b4 {[%emt 0:02:20]} Rxb5 {[%emt 0:00:22]} 28. bxc5 {[%emt 0:00:18]} dxc5 {[%emt 0:00:39]} 29. Rf4+ {[%emt 0:00:18]} Ke8 {[%emt 0:00:08]} 30. Ra1 {[%emt 0:00:28]} Rb7 {[%emt 0:00:14]} 31. Ra6 {[%emt 0:02:04]} Rc7 {[%emt 0:00:37]} 32. Kd3 {[%emt 0:01:22]} Nc6 {[%emt 0:01:48]} 33. Ra8+ {[%emt 0:00:07]} Nd8 {[%emt 0:01:27]} 34. Kc4 {[%emt 0:01:53]} Kd7 {[%emt 0:01:26]} 35. Kd5 {[%emt 0:01:21]} h6 {[%emt 0:03:43]} 36. Ra6 {[%emt 0:01:20]} Nc6 {[%emt 0:00:12]} 37. Kc4 {[%emt 0:01:03]} Rb7 {[%emt 0:01:16]} 38. Rf5 {[%emt 0:02:54]} Rb4+ {[%emt 0:01:46]} 39. Kd5 {[%emt 0:01:04]} Rb1 {[%emt 0:00:19]} 40. Kc4 {[%emt 0:00:00]} Rc1+ {[%emt 0:00:00]} 41. Kb5 {[%emt 0:03:07]} Rb1+ {[%emt 0:01:00]} 42. Kc4 {[%emt 0:00:23]} Rb4+ {[%emt 0:16:07]} 43. Kc3 {[%emt 0:06:47]} Rh4 {[%emt 0:03:44]} 44. h3 {[%emt 0:01:01]} Re4 {[%emt 0:01:07]} 45. Rf7 {[%emt 0:01:10]} Kd6 {[%emt 0:01:05]} 46. Kd3 {[%emt 0:02:36]} Re6 {[%emt 0:01:03]} 47. f4 {[%emt 0:01:13]} Kd7 {[%emt 0:00:10]} 48. Kd2 {[%emt 0:00:38]} Rd6+ {[%emt 0:01:24]} 49. Kc3 {[%emt 0:01:41]} Re6 {[%emt 0:05:07]} 50. Kd2 {[%emt 0:00:15]} c4 {[%emt 0:01:21]} 51. f5 {[%emt 0:00:55]} Rd6+ {[%emt 0:05:59]} 52. Kc3 {[%emt 0:02:10]} Ke8 {[%emt 0:00:57]} 53. Rh7 {[%emt 0:00:35]} Rd3+ {[%emt 0:00:15]} 54. Kxc4 {[%emt 0:02:19]} Ne5+ {[%emt 0:00:06]} 55. Kb5 {[%emt 0:00:10]} Rb3+ {[%emt 0:00:07]} 56. Ka4 {[%emt 0:00:23]} Rb4+ {[%emt 0:00:53]} 0-1

[Event "EYCC Open-U14 2019"]
[Site "Bratislava"]
[Date "2019.08.09"]
[Round "8.40"]
[White "Nareks, Matic"]
[Black "Hak, David"]
[Result "1-0"]
[WhiteElo "1937"]
[BlackElo "2012"]
[Annotator "NA"]
[PlyCount "117"]
[EventDate "2019.08.02"]
[EventType "swiss"]
[EventCountry "SVK"]
[SourceTitle "playchess.com"]
[Source "ChessBase"]
[SourceQuality "1"]
[TimeControl "40/5400+30:1800+30"]

1. e4 {[%emt 0:00:00]} e6 {[%emt 0:00:00]} 2. d4 {[%emt 0:00:00]} d5 {[%emt 0:00:00]} 3. Nd2 {[%emt 0:00:09]} a6 {[%emt 0:00:00]} 4. Ngf3 {[%emt 0:00:33]} c5 {[%emt 0:00:00]} 5. exd5 {[%emt 0:00:39]} exd5 {[%emt 0:00:00]} 6. Be2 {[%emt 0:00:39]} Nc6 {[%emt 0:01:30]} 7. O-O {[%emt 0:00:54]} Nf6 {[%emt 0:03:59]} 8. Re1 {[%emt 0:00:55]} Be7 {[%emt 0:03:42]} 9. dxc5 {[%emt 0:00:44]} O-O {[%emt 0:00:19]} 10. Nb3 {[%emt 0:01:54]} Ne4 {[%emt 0:07:45]} 11. Be3 {[%emt 0:04:34]} Be6 {[%emt 0:01:39]} 12. c3 {[%emt 0:04:53]} Rc8 {[%emt 0:08:00]} 13. Nfd4 {[%emt 0:20:26]} Ne5 {[%emt 0:09:47]} 14. Nxe6 {[%emt 0:09:34]} fxe6 {[%emt 0:00:09]} 15. Bd4 {[%emt 0:07:42]} Nd7 {[%emt 0:09:17]} 16. Bg4 {[%emt 0:00:46]} Rc6 {[%emt 0:19:12]} 17. f3 {[%emt 0:08:15]} Ng5 {[%emt 0:04:36]} 18. h4 {[%emt 0:06:47]} Nf7 {[%emt 0:00:37]} 19. Bxe6 {[%emt 0:00:50]} Bxh4 {[%emt 0:03:42]} 20. Bf2 {[%emt 0:04:00]} Bxf2+ {[%emt 0:03:39]} 21. Kxf2 {[%emt 0:00:07]} Nxc5 {[%emt 0:08:03]} 22. Bxd5 {[%emt 0:05:10]} Rd6 {[%emt 0:04:41]} 23. c4 {[%emt 0:00:12]} Qb6 {[%emt 0:01:44]} 24. Re3 {[%emt 0:02:05]} Rfd8 {[%emt 0:06:28]} 25. Qd4 {[%emt 0:01:05]} Nxb3 {[%emt 0:02:20]} 26. Qxb6 {[%emt 0:00:11]} Rxb6 {[%emt 0:00:19]} 27. Rxb3 {[%emt 0:00:01]} Rxb3 {[%emt 0:00:19]} 28. axb3 {[%emt 0:00:01]} Kf8 {[%emt 0:00:46]} 29. Re1 {[%emt 0:00:38]} b5 {[%emt 0:00:57]} 30. Ra1 {[%emt 0:01:09]} Rd6 {[%emt 0:00:37]} 31. Ke3 {[%emt 0:00:23]} Ne5 {[%emt 0:00:31]} 32. Kd4 {[%emt 0:00:37]} Nd7 {[%emt 0:00:22]} 33. c5 {[%emt 0:00:41]} Rg6 {[%emt 0:00:39]} 34. c6 {[%emt 0:00:30]} Nb8 {[%emt 0:00:28]} 35. c7 {[%emt 0:00:18]} Nc6+ {[%emt 0:00:05]} 36. Kc5 {[%emt 0:00:53]} Na7 {[%emt 0:00:25]} 37. Re1 {[%emt 0:00:37]} Rxg2 {[%emt 0:00:43]} 38. Kb6 {[%emt 0:00:22]} Nc8+ {[%emt 0:00:28]} 39. Kb7 {[%emt 0:00:08]} Nd6+ {[%emt 0:00:07]} 40. Kc6 {[%emt 0:00:00]} Nc8 {[%emt 0:00:00]} 41. Kd7 {[%emt 0:00:21]} Nb6+ {[%emt 0:01:06]} 42. Kd8 {[%emt 0:00:06]} g5 {[%emt 0:01:48]} 43. Re8+ {[%emt 0:00:40]} Kg7 {[%emt 0:00:06]} 44. Re7+ {[%emt 0:00:10]} Kf8 {[%emt 0:02:09]} 45. Rf7+ {[%emt 0:02:18]} Kg8 {[%emt 0:00:01]} 46. Rf6+ {[%emt 0:01:22]} Nxd5 {[%emt 0:00:54]} 47. c8=Q {[%emt 0:00:19]} Nxf6 {[%emt 0:00:44]} 48. Ke7+ {[%emt 0:00:09]} Kg7 {[%emt 0:00:16]} 49. Qf8+ {[%emt 0:00:12]} Kg6 {[%emt 0:00:04]} 50. Qxf6+ {[%emt 0:00:09]} Kh5 {[%emt 0:00:04]} 51. Qf7+ {[%emt 0:00:28]} Kh4 {[%emt 0:00:29]} 52. Qxh7+ {[%emt 0:00:06]} Kg3 {[%emt 0:00:04]} 53. Qf5 {[%emt 0:00:34]} Re2+ {[%emt 0:00:18]} 54. Kd6 {[%emt 0:00:12]} Re3 {[%emt 0:00:16]} 55. b4 {[%emt 0:00:33]} Rxf3 {[%emt 0:00:12]} 56. Qxg5+ {[%emt 0:00:07]} Kf2 {[%emt 0:00:09]} 57. Kc5 {[%emt 0:00:13]} Rb3 {[%emt 0:00:22]} 58. Kb6 {[%emt 0:00:21]} Rxb2 {[%emt 0:00:43]} 59. Qf6+ {[%emt 0:00:06]} 1-0

[Event "EYCC Open-U14 2019"]
[Site "Bratislava"]
[Date "2019.08.09"]
[Round "8.41"]
[White "Frank, Adam"]
[Black "Adamia, Jaba"]
[Result "1-0"]
[WhiteElo "2125"]
[BlackElo "1819"]
[Annotator "NA"]
[PlyCount "69"]
[EventDate "2019.08.02"]
[EventType "swiss"]
[EventCountry "SVK"]
[SourceTitle "playchess.com"]
[Source "ChessBase"]
[SourceQuality "1"]
[TimeControl "40/5400+30:1800+30"]

1. e4 {[%emt 0:00:00]} c5 {[%emt 0:00:00]} 2. Nf3 {[%emt 0:00:00]} e6 {[%emt 0:00:00]} 3. d4 {[%emt 0:00:00]} cxd4 {[%emt 0:00:00]} 4. Nxd4 {[%emt 0:00:00]} a6 {[%emt 0:00:00]} 5. Nc3 {[%emt 0:00:00]} Qc7 {[%emt 0:00:00]} 6. Bd3 {[%emt 0:00:00]} Nf6 {[%emt 0:00:02]} 7. f4 {[%emt 0:00:00]} d6 {[%emt 0:07:13]} 8. Qf3 g6 {[%emt 0:05:53]} 9. O-O {[%emt 0:08:03]} Bg7 {[%emt 0:00:57]} 10. Kh1 {[%emt 0:13:20]} O-O {[%emt 0:01:28]} 11. f5 {[%emt 0:06:19]} Nc6 {[%emt 0:32:05]} 12. Nxc6 {[%emt 0:06:27]} bxc6 {[%emt 0:04:14]} 13. Bg5 Rb8 {[%emt 0:02:20]} 14. e5 {[%emt 0:08:21]} dxe5 {[%emt 0:12:43]} 15. Bxf6 {[%emt 0:00:05]} Bxf6 {[%emt 0:01:13]} 16. Ne4 {[%emt 0:07:55]} exf5 {[%emt 0:00:58]} 17. Nxf6+ {[%emt 0:00:03]} Kg7 {[%emt 0:00:07]} 18. Nh5+ {[%emt 0:00:44]} gxh5 {[%emt 0:05:02]} 19. Bxf5 {[%emt 0:01:41]} Bxf5 {[%emt 0:00:59]} 20. Qxf5 {[%emt 0:00:04]} f6 {[%emt 0:00:53]} 21. b3 {[%emt 0:10:07]} Qf7 {[%emt 0:06:51]} 22. Rae1 {[%emt 0:03:44]} Rbd8 {[%emt 0:04:08]} 23. Re3 {[%emt 0:04:52]} Kh8 {[%emt 0:02:10]} 24. h3 {[%emt 0:04:36]} Qg6 {[%emt 0:02:16]} 25. Qf2 {[%emt 0:01:15]} Qh6 {[%emt 0:05:14]} 26. c4 {[%emt 0:08:55]} Rde8 {[%emt 0:02:05]} 27. Rfe1 {[%emt 0:02:58]} Re6 {[%emt 0:03:01]} 28. b4 {[%emt 0:10:33]} Rfe8 {[%emt 0:00:45]} 29. c5 {[%emt 0:00:35]} Qf8 {[%emt 0:01:08]} 30. Qb2 {[%emt 0:00:43]} Rb8 {[%emt 0:00:39]} 31. a3 {[%emt 0:00:23]} Qxc5 {[%emt 0:00:18]} 32. Qe2 {[%emt 0:00:20]} Qb5 {[%emt 0:00:42]} 33. Qxh5 {[%emt 0:00:05]} a5 {[%emt 0:00:33]} 34. Qf7 {[%emt 0:00:24]} Rbe8 {[%emt 0:00:31]} 35. Rg3 {[%emt 0:00:11]} 1-0